Toward a new sociology; (Record no. 1578)
[ view plain ]
| 000 -LEADER | |
|---|---|
| fixed length control field | 00466cam a22001571 4500 |
| 005 - DATE AND TIME OF LATEST TRANSACTION | |
| control field | 20250901165302.0 |
| 008 - FIXED-LENGTH DATA ELEMENTS--GENERAL INFORMATION | |
| fixed length control field | 730716s1971 ilua b 000 0 eng |
| 010 ## - LIBRARY OF CONGRESS CONTROL NUMBER | |
| LC control number | 78153171 |
| 050 00 - LIBRARY OF CONGRESS CALL NUMBER | |
| Classification number | HM51 .A533 |
| Item number | .A533 |
| 082 00 - DEWEY DECIMAL CLASSIFICATION NUMBER | |
| Classification number | 301 |
| 100 1# - MAIN ENTRY--PERSONAL NAME | |
| Personal name | Anderson, Charles H., |
| Dates associated with a name | 1938- |
| 245 10 - TITLE STATEMENT | |
| Title | Toward a new sociology; |
| Remainder of title | a critical view |
| Statement of responsibility, etc. | [by] Charles H. Anderson. |
| 260 ## - PUBLICATION, DISTRIBUTION, ETC. | |
| Place of publication, distribution, etc. | Homewood, Ill., |
| Name of publisher, distributor, etc. | Dorsey Press, |
| Date of publication, distribution, etc. | 1971. |
| 300 ## - PHYSICAL DESCRIPTION | |
| Extent | xiii, 378 p. |
| Other physical details | illus. |
| Dimensions | 23 cm. |
| 942 ## - ADDED ENTRY ELEMENTS (KOHA) | |
| Source of classification or shelving scheme | Dewey Decimal Classification |
| Withdrawn status | Lost status | Source of classification or shelving scheme | Damaged status | Not for loan | Home library | Current library | Shelving location | Date acquired | Total checkouts | Full call number | Barcode | Date last seen | Price effective from | Koha item type |
|---|---|---|---|---|---|---|---|---|---|---|---|---|---|---|
| Library of Congress Classification | Main Library | Main Library | 03/04/2021 | HM51 .A533 | PIU0004314 | 03/04/2021 | 03/04/2021 | Books |